TV Mania: Opposite Titles Quiz Stats

 Plays Quiz not verified by Sporcle

Score 0/32 Timer 07:00
0 Plays Today
Opposite TV Show % Correct
EnemiesFriends
99.5%
The Queen of KingsThe King of Queens
96.9%
Little SisterBig Brother
95.2%
FoundLost
94%
Nobody Hates DebraEverybody Loves Raymond
89.5%
Empty ApartmentFull House
81.6%
You Hate RickyI Love Lucy
79.5%
Heaven's DenHell's Kitchen
78.3%
VillainsHeroes
75.7%
Sad EveningsHappy Days
74.9%
Forty-Two24
74.9%
Tuesday Afternoon DarksFriday Night Lights
74.5%
The Timid and the UglyThe Bold and the Beautiful
71.4%
Fourth Stone from the Earth3rd Rock from the Sun
71.4%
The TenorsThe Sopranos
70.6%
Nine Hands OverSix Feet Under
69.9%
Opposite TV Show % Correct
HugecitySmallville
69.5%
Straight Ear for the Gay WomanQueer Eye for the Straight Guy
68%
Sane WomenMad Men
66.3%
Constructing GoodBreaking Bad
64.4%
False UrineTrue Blood
64.2%
Many Deaths To DieOne Life To Live
51.8%
Red's PhysiologyGrey's Anatomy
47.5%
Don't Become StupidGet Smart
45.6%
None Out Of The FriendsAll In The Family
39.1%
The Revealed Death of the International Senior CitizenThe Secret Life of the American Teenager
37%
The Boredom CenturiesThe Wonder Years
27.2%
Mortal ScreamerGhost Whisperer
25.5%
The Dutchesses of SuretyThe Dukes of Hazzard
22.2%
HutCastle
13.8%
The ResidenceThe Office
12.6%
Terrestrial Adult Fullness IndividualsAqua Teen Hunger Force
6.9%

You're not logged in!

Compare scores with friends on all Sporcle quizzes.
OR
Log In

Show Comments

Extras

Top Quizzes Today


Score Distribution

Your Account Isn't Verified!

In order to create a playlist on Sporcle, you need to verify the email address you used during registration. Go to your Sporcle Settings to finish the process.

Report this User

Report this user for behavior that violates our Community Guidelines.

Details: